000 00477nam a22001097a 4500
082 _a920
100 _aगुप्‍त, अक्षयकुमार दत्‍त
_980647
245 _aयोगिराजाधिराज श्री श्री विशुद्धानन्‍द परमहंस
260 _aवाराणसी
_bविश्‍वविद्यालय प्रकाशन
_c2018
650 _aजीवनी
_97943
942 _cBK
999 _c63946
_d63946